000 01266cam a22003737a 4500
003 CHAP
005 20220329142900.0
008 041203d2004 mx r 00110 spa d
010 _a89154
011 _a90126
035 _a100682
040 _cCHAP
090 _aTesis
100 0 0 _aRodríguez Moreno, Alfredo.
_998723
245 1 0 _aEfecto de raza en la producción de embriones de ovejas superovuladas
_c/por Alfredo Rodríguez Moreno
260 _aChapingo, Méx. :
_bEl autor,
_c2004.
300 _a61 h.
502 _aTesis (M. C. en Producción Animal) - - Departamento de Zootecnia
590 _aALEPH
_b10
_c20130110
_lUCH01
_h1501
590 _aBATCH-UPD
_b10
_c20130110
_lUCH01
_h0733
590 _aBATCH-UPD
_b10
_c20130410
_lUCH01
_h0416
590 _aBATCH-UPD
_b10
_c20130914
_lUCH01
_h0932
590 _aCONVERSION
_b10
_c20130109
_lUCH01
_h1349
650 1 4 _aCiclo estrual.
_923072
650 1 4 _aEmbriones
_xTransferencia.
_936493
650 1 4 _aGanado lanar
_xProducción.
_945214
650 1 4 _aGanado lanar
_xRazas.
_945218
650 1 4 _aOvulación.
_984414
901 _aBK
905 _aLilia
942 _cFOLL
949 _aTesis
_bBC
_cTES
_d100682
_eTS1
_h43013
_i100682
_sb
949 _aTesis
_bBC
_cTES
_d33724000931606
_eTS2
_fc.2
_h43014
_i100682
_sb
999 _c89154
_d89154